Statistics for Guess the Taylor Swift song #4

Click here to take the quiz!

General Stats

  • This quiz has been taken 16 times
  • The average score is 203 of 284

Answer Stats

Answer% Correct
I
100%
You
100%
you
100%
and
94%
And
94%
it
94%
no
94%
the
94%
be
88%
but
88%
But
88%
if
88%
know
88%
like
88%
my
88%
not
88%
your
88%
You're
88%
you're
88%
all
81%
All
81%
in
81%
is
81%
it's
81%
me
81%
this
81%
This
81%
do
75%
for
75%
I'm
75%
of
75%
so
75%
that
75%
time
75%
to
75%
was
75%
been
69%
cause
69%
did
69%
don't
69%
Don't
69%
I've
69%
loved
69%
up
69%
can
63%
come
63%
down
63%
every
63%
have
63%
never
63%
nothing
63%
thinking
63%
around
56%
baby
56%
before
56%
believe
56%
didn't
56%
got
56%
had
56%
out
56%
sorry
56%
tell
56%
there's
56%
won't
56%
again
50%
away
50%
call
50%
fine
50%
hoping
50%
last
50%
let
50%
life
50%
now
50%
phone
50%
pick
50%
wanna
50%
we'll
50%
would
50%
anymore
44%
figured
44%
gone
44%
hurt
44%
long
44%
straw
44%
waiting
44%
asking
38%
beg
38%
being
38%
cold
38%
Could've
38%
each
38%
hadn't
38%
left
38%
listen
38%
looking
38%
might
38%
share
38%
taking
38%
tired
38%
used
38%
wasting
38%
bright
31%
chances
31%
crawling
31%
fade
31%
giving
31%
honey
31%
innocent
31%
secrets
31%
shine
31%
watched
31%
worked
31%

Score Distribution

Percentile by Number Answered

Percent of People with Each Score

Your Score History

You have not taken this quiz